[Event "ONJK 2017 D"]
[Site "Borne"]
[Date "2017.12.08"]
[Round "13.19"]
[White "Debunne, Lasse"]
[Black "Zoet, Jelle"]
[Result "1/2-1/2"]
[WhiteElo "1184"]
[BlackElo "678"]
[PlyCount "49"]
[EventDate "2017.08.??"]

1. e4 e6 2. d4 d5 3. Nc3 Bb4 4. exd5 exd5 5. Bd2 Nf6 6. Nf3 O-O 7. Be2 Re8 8.
O-O Bg4 9. Re1 Nc6 10. a3 Bd6 11. Bg5 h6 12. Bxf6 Qxf6 13. Nxd5 Qg6 14. Ne3 Qh5
15. Nxg4 Qxg4 16. h3 Qe4 17. Bd3 Qf4 18. Bb5 Rxe1+ 19. Qxe1 Nxd4 20. Nxd4 Qh2+
21. Kf1 Qh1+ 22. Ke2 Qxg2 23. Qc3 Qe4+ 24. Qe3 Qg2 25. Qf3 1/2-1/2

[Event "ONJK 2017 D"]
[Site "Borne"]
[Date "2017.12.08"]
[Round "13.20"]
[White "Cordes, Jule"]
[Black "Vleming, Annabel"]
[Result "1-0"]
[WhiteElo "955"]
[BlackElo "457"]
[PlyCount "27"]
[EventDate "2017.08.??"]

1. e4 e5 2. Nf3 Nc6 3. Bc4 Bc5 4. d3 Nf6 5. Bg5 d6 6. h3 O-O 7. Nc3 Nd4 8. Nd5
c6 9. Nxf6+ gxf6 10. Bh6 Re8 11. Nxd4 exd4 12. Qf3 d5 13. Qg3+ Kh8 14. Qg7# 1-0